کیف غم / (Record no. 170701)

MARC details
000 -LEADER
fixed length control field 00373nam a22001457a 4500
005 - DATE AND TIME OF LATEST TRANSACTION
control field 20191223125746.0
010 ## - LCCN (DPL NO)
LC control number A-213087
035 ## - SYSTEM CONTROL NUMBER
System control number A-213087
082 ## - DEWEY DECIMAL CLASSIFICATION NUMBER
Classification number 841
100 ## - MAIN ENTRY--PERSONAL NAME
Personal name عزیز بارہ نکوی
245 ## - TITLE STATEMENT
Title کیف غم /
Statement of responsibility, etc غزیز بارہ نکوی
260 ## - PUBLICATION, DISTRIBUTION, ETC. (IMPRINT)
Date of publication, distribution, etc 1983 ء
300 ## - PHYSICAL DESCRIPTION
Extent 104p.
Dimensions 20cm(Hb)
942 ## - ADDED ENTRY ELEMENTS (KOHA)
Source of classification or shelving scheme Dewey Decimal Classification
Item type Urdu Bks
Classification part 841
Call number suffix ع ز ی
Holdings
Withdrawn status Lost status Not for loan Collection code Home library Current library Date acquired Source of acquisition Full call number Barcode Copy number Koha item type
      Non-fiction Central Library Central Library 23/12/2019 BPPD/Ven. 841 ع ز ی A-213087 1 Urdu Bks

© Delhi Public Library
Hit Counter
free hit counter